<The> Dutch Disease Erscheinungsbilder und Therapievorschläge für eine ökonomische Krank heit

Gespeichert in:
Bibliographische Detailangaben
1. Verfasser: Sell, Friedrich
Format: Buch
Sprache:Deutsch
Veröffentlicht: Kiel Institut für Weltwirtschaft 1988
Schriftenreihe:Kiel Working Paper No.316
Tags: Tag hinzufügen
Keine Tags, Fügen Sie das erste Tag hinzu!

MARC

LEADER 00000nam a2200000 4500
001 c025725
005 20250521092914.3
041 0 |a ger 
044 |a DE 
245 1 0 |a <The> Dutch Disease  |b Erscheinungsbilder und Therapievorschläge für eine ökonomische Krank heit  |c Friedrich Sell 
264 1 |a Kiel  |b Institut für Weltwirtschaft  |c 1988 
300 |a 32 s. 
490 1 |a Kiel Working Paper  |v No.316 
830 0 |a Kiel Working Paper  |v No.316 
100 1 |a Sell, Friedrich